How developers can exploit flood risks. (Record no. 60626)

MARC details
000 -LEADER
fixed length control field 00695cam a2200169 4500
001 - CONTROL NUMBER
control field ABS60948
008 - FIXED-LENGTH DATA ELEMENTS--GENERAL INFORMATION
fixed length control field 000000n1999 000 0 eng u
035 ## - SYSTEM CONTROL NUMBER
System control number (Sirsi) u101493
100 ## - MAIN ENTRY--PERSONAL NAME
Personal name Law, M.
245 ## - TITLE STATEMENT
Title How developers can exploit flood risks.
260 ## - PUBLICATION, DISTRIBUTION, ETC.
Date of publication, distribution, etc. 1999
490 ## - SERIES STATEMENT
Series statement CSM (Chartered Surveyor Monthly)
Volume/sequential designation 8(11/12) July/August 1999, 49(1)
520 ## - SUMMARY, ETC.
Summary, etc. Suggests that developers may be able to challenge new floodplain information from the Institute of Hydrology. They can acquire the land at the cheaper, blighted rate and then, if they can prove the flood risk is minimal, develop it at a profit.
650 ## - SUBJECT ADDED ENTRY--TOPICAL TERM
Topical term or geographic name entry element FLOODING
690 ## - LOCAL SUBJECT ADDED ENTRY--TOPICAL TERM (OCLC, RLIN)
Topical term or geographic name as entry element PROPERTY-PROPERTY DEVELOPMENT
942 ## - ADDED ENTRY ELEMENTS (KOHA)
Suppress in OPAC 0
Holdings
Withdrawn status Lost status Source of classification or shelving scheme Damaged status Not for loan Home library Current library Shelving location Date acquired Total Checkouts Full call number Barcode Date last seen Copy number Price effective from Koha item type
    Dewey Decimal Classification     London London Journal article 05/11/1999   ABS60948 101493-1001 06/08/2019 1 06/08/2019 Journal article